Datum a čas kvízu
17.5
Celkem bodů
Celkový počet nahraných bodů na tomto kvízu bez doplňovacích otázek.
14.
Pořadí na kvízu
Konečné umístění týmu na tomto kvízu.
Zaznamenané odpovědi
| # | Otázka | Odpověď | Body | Výsledky |
|---|---|---|---|---|
| 1. | Smutné 70. výročí justiční vra... | O2 | 0 | |
| 2. | Sociálními sítěmi koluje video... | sex (na zadních sedadlech) | 1 | |
| 3. | Francouzská policie zadržela v... | Banksy | 1 | |
| 4. | Známá japonská firma se rozhod... | Olympus | 1 | |
| 5. | Kolikátý titul mistrů Českoslo... | 20. titul | 0 | |
| 6. | Toto téma jste si vybrali na n... | Kmeny | 0 | |
| 7. | Co je primárně typické pro člo... | C | 1 | |
| 8. | V roce 1941 byla vydána kniha... | Eduard Bass | 1 | |
| 9. | V lidském společenství najdeme... | ektomorf, endomorf, mezomorf | 0 | |
| 10. | Z příslušníků subkultury výcho... | gopnik | 0 |